000 00393nmm a2200145Ia 4500
008 251105s9999||||xx |||||||||||||||||und||
041 _aspa
100 _aSemple, Andrea
245 0 _aLa maquilladora
264 _a[Madrid, España] :
_bLa Factoría de Ideas,
_c2014
300 _a0 páginas
650 _aRomance
856 _uhttps://public.digitaliapublishing.com/a/25399
942 _cCF
999 _c105225
_d105225